| 000 | 00351nam a2200145 a 4500 | ||
|---|---|---|---|
| 001 | 1854 | ||
| 003 | CDMR | ||
| 005 | 20130116135216.0 | ||
| 008 | 130130s1962||||||||||||||||||||||||||||d | ||
| 040 |
_aCDMR _bcat _cCDMR |
||
| 100 | 1 |
_aTerrou, Fernand _91245 |
|
| 245 | 1 | 0 | _aL'information |
| 260 |
_aParis _c1962 _bPresses Universitaires de France |
||
| 942 | _cMON | ||
| 999 |
_c1854 _d1854 |
||